APA dictionary of psychology

Αποθηκεύτηκε σε:
Λεπτομέρειες βιβλιογραφικής εγγραφής
Άλλοι συγγραφείς: VandenBos, Gary R. (Επιμελητής έκδοσης)
Μορφή: Βιβλίο
Γλώσσα:English
Δημοσίευση: Washington, DC ; London : American Psychological Association, 2006
Θέματα:
Ετικέτες: Προσθήκη ετικέτας
Δεν υπάρχουν, Καταχωρήστε ετικέτα πρώτοι!

MARC

LEADER 00000nam a2200000 i 4500
001 1/51042
008 070807s2006 eng d
020 |a 978-1-59147-380-0 
020 |a 1-59147-380-2 
035 |l 10089615 
040 |a GR-MY-UA  |b gre  |e aacr 
041 0 |a eng 
082 0 |a 150.3  |2 (22) 
245 1 0 |a APA dictionary of psychology /  |c Gary R. VandenBos, editor in chief 
260 |a Washington, DC ; London :   |b American Psychological Association,   |c 2006 
300 |a xvi, 1024 σ.;  |c 26 εκ. 
650 0 0 |a Psychology  |x Dictionaries. 
700 1 |a VandenBos, Gary R.  |4 edt 
852 |a INST  |b RHODES  |e 20070807  |h 150.3 APA  |p 005400025982  |q 005400025982  |t REF  |y 23 
901 |a BIBL4-2007-2 
909 |a Ρ  |b 135471 
922 |a 4ΕΛΗ  |b 200706  |c ΕΠΕΑΕΚ2/ΤΕΠΑΕΣ  |d Σ. ΠΑΤΑΚΗΣ 
970 |a ΜΙΣΣΟΣ  |b ΣΤΑΥΡΟΣ  |z 2007/08/07